000 00329nam a22001457a 4500
008 221108b ||||| |||| 00| 0 eng d
020 _a0395298334
041 _aeng
080 _2SECOND EDITION
_a610.73
082 _a610.73 BIE
100 _a5
101 _aMJEK
245 _aCHILD DEVELOPMENT
_cBIEHLER R
942 _2udc
_cBK
999 _c58780
_d58780